| 000 | 01305nam a2200493 4500 | ||
|---|---|---|---|
| 003 | AR-RoUNA | ||
| 005 | 20251110144353.0 | ||
| 008 | 251029b |||||||| |||| 00| 0 spa d | ||
| 040 |
_aAR-RoUNA _dAR-RoUNA _bspa |
||
| 041 |
_aspa _hita |
||
| 044 | _aag | ||
| 100 | 1 |
_aPucci, Eugenio _927550 |
|
| 245 | 1 | 0 |
_aTodo Venecia : _ben 205 fotocolor. |
| 246 | _aTutta Venezia | ||
| 250 | _a1a. ed. | ||
| 260 |
_aFlorencia : _bBonechi, _c1968 |
||
| 300 |
_a127 p.: _bfot. col. _c24x21 cm |
||
| 490 |
_aToda Venecia _vv. 6 |
||
| 505 | 0 | _tINDICE | |
| 505 | 0 | _aAgua Alta. p. 110. | |
| 505 | 0 | _a Alta Napoleónica. p. 39 | |
| 505 | 0 | _aArsenal. p. 92. | |
| 505 | 0 | _a Biblioteca Marciana. p. 35 | |
| 505 | 0 | _tGALERIAS | |
| 505 | 0 | _t IGLESIAS | |
| 505 | 0 | _tMUSEOS | |
| 505 | 0 | _t PALACIOS | |
| 505 | 0 | _t PUENTES | |
| 505 | 0 | _t ALREDEDORES DE VENECIA | |
| 650 | 4 | _aArte | |
| 650 | 4 | _aHistoria | |
| 650 | 4 | _aGalerias | |
| 650 | 4 | _aIglesias | |
| 650 | 4 | _aMuseos | |
| 650 | 4 | _aPalacios | |
| 650 | 4 | _aPuentes | |
| 650 | 4 | _aPatrimonio de la humanidad | |
| 651 | 4 |
_aVenecia (Italia) _93578 |
|
| 908 | _aImp | ||
| 930 | _e12270 | ||
| 942 |
_2udc _cLIB |
||
| 945 |
_d2025-10-29 _aMIA |
||
| 980 |
_61 _aMaricel Allasia _85 _gMaría Machado |
||
| 999 |
_c12211 _d12211 |
||